00421cam a22001097a 4500008004000000082001600040245009700056260006700153300001000220650002400230700005700254180718b1966 xxu||||| |||| 00| 0 eng d aT47x54 N213 aCapital market in a planned economycby National Council of Applied Economic Research, India aNew DelhibNational Council of Applied Economic Researchc1966 a135p. aInvestments - India aIndia. National Council of Applied Economic Research